[Event "Moscow op U26"]
[Site "Moscow"]
[Date "2012.02.05"]
[Round "9"]
[White "Kyupriyski, Borislav"]
[Black "Babkin, Ivan"]
[Result "1/2-1/2"]
[WhiteElo "1888"]
[BlackElo "1955"]
[PlyCount "112"]
[EventDate "2012.01.28"]
[EventType "swiss"]
[EventRounds "9"]
[EventCountry "RUS"]
[SourceTitle "EXT 2013"]
[Source "ChessBase"]
[SourceDate "2012.11.22"]
[SourceVersion "1"]
[SourceVersionDate "2012.11.22"]
[SourceQuality "1"]

1. e4 c6 2. d4 d5 3. Nd2 dxe4 4. Nxe4 Bf5 5. Ng3 Bg6 6. h4 h6 7. h5 Bh7 8. Nf3 e6 9. Bd3 Bxd3 10. Qxd3 Nf6 11. Bf4 Bd6 12. Ne5 Qc7 13. Ne4 Nxe4 14. Qxe4 Nd7 15. 0-0-0 c5 16. Rhe1 Nf6 17. Qe2 0-0 18. dxc5 Qxc5 19. Rxd6 Qxd6 20. Ng6 Qb4 21. Bd2 Qa4 22. Nxf8 Qxa2 23. Bb4 Qa1+ 24. Kd2 Qxb2 25. Qc4 Rd8+ 26. Ke2 Nd5 27. Bc5 Rc8 28. Nd7 Rc7 29. Qa4 b5 30. Qa6 Qxc2+ 31. Kf1 Rxc5 32. Nxc5 Qxc5 33. Ra1 Qc4+ 34. Kg1 Nf4 35. g3 Ne2+ 36. Kh2 Qc5 37. Qxa7 Qxh5+ 38. Kg2 Qd5+ 39. Kh2 Qd4 40. Qxd4 Nxd4 41. Ra8+ Kh7 42. Rd8 e5 43. Rd6 f6 44. f4 b4 45. Kg2 b3 46. fxe5 fxe5 47. Kf2 h5 48. Rb6 g6 49. Ke3 Kh6 50. Ke4 Kg5 51. Kxe5 Nf5 52. Rxb3 Kg4 53. Rb6 Kg5 54. Rb3 Nh6 55. Ke4 h4 56. gxh4+ Kxh4 1/2-1/2

[Event "Moscow op U26"]
[Site "Moscow"]
[Date "2012.01.29"]
[Round "2"]
[White "Kyupriyski, Borislav"]
[Black "Ivanov, Maxim"]
[Result "1/2-1/2"]
[WhiteElo "1888"]
[BlackElo "2016"]
[PlyCount "73"]
[EventDate "2012.01.28"]
[EventType "swiss"]
[EventRounds "9"]
[EventCountry "RUS"]
[SourceTitle "EXT 2013"]
[Source "ChessBase"]
[SourceDate "2012.11.22"]
[SourceVersion "1"]
[SourceVersionDate "2012.11.22"]
[SourceQuality "1"]

1. e4 c5 2. Nf3 Nc6 3. d4 cxd4 4. Nxd4 e5 5. Nb5 d6 6. N1c3 a6 7. Na3 b5 8. Nd5 Be7 9. c4 b4 10. Nc2 a5 11. Be3 Rb8 12. Be2 Nf6 13. f3 0-0 14. 0-0 Ne8 15. f4 exf4 16. Bxf4 Bg5 17. Nd4 Nxd4 18. Qxd4 Bxf4 19. Rxf4 Be6 20. Ne3 Qc7 21. Bg4 Nf6 22. Nf5 Qxc4 23. Qxc4 Bxc4 24. Nxd6 Ba6 25. e5 Rbd8 26. Rc1 Nxg4 27. Rxg4 f6 28. Rc6 fxe5 29. Rxa6 Rf6 30. Rxa5 Rdxd6 31. Ra8+ Kf7 32. h4 Ra6 33. Rxa6 Rxa6 34. Rxb4 Rxa2 35. Rb6 Ra4 36. b4 Ra2 37. b5 1/2-1/2

[Event "Perla Baltyku op-B 3rd"]
[Site "Mielno"]
[Date "2007.06.23"]
[Round "7"]
[White "Major, Katarzyna"]
[Black "Kyupriyski, Borislav"]
[Result "1-0"]
[WhiteElo "1807"]
[BlackElo "1999"]
[PlyCount "63"]
[EventDate "2007.06.18"]
[EventType "swiss"]
[EventRounds "9"]
[EventCountry "POL"]
[SourceTitle "EXT 2008"]
[Source "ChessBase"]
[SourceDate "2007.11.25"]
[SourceVersion "1"]
[SourceVersionDate "2007.11.25"]
[SourceQuality "1"]

1. d4 d5 2. c4 e5 3. dxe5 dxc4 4. Qxd8+ Kxd8 5. Nf3 Nc6 6. Nc3 Bb4 7. Bd2 Nge7 8. e4 Be6 9. Be2 Ng6 10. Rd1 Ncxe5 11. Nd5 Nd3+ 12. Bxd3 Bxd2+ 13. Rxd2 cxd3 14. Rxd3 Kc8 15. 0-0 Rd8 16. Rfd1 Bxd5 17. Rxd5 Rxd5 18. Rxd5 Ne7 19. Rd1 h6 20. Ne5 f5 21. Rd7 Nc6 22. Rxg7 fxe4 23. Nxc6 bxc6 24. Rg8+ Kb7 25. Rxa8 Kxa8 26. Kf1 c5 27. Ke2 Kb7 28. Ke3 Kc6 29. Kxe4 Kb5 30. f4 a5 31. f5 Kc6 32. g4 1-0